| 000 | 00503nam a2200205Ia 4500 | ||
|---|---|---|---|
| 005 | 20241204043957.0 | ||
| 008 | 240331s9999 xx 000 0 und d | ||
| 020 | _a9295012011 | ||
| 082 |
_bMEN _a894 |
||
| 245 | 0 | _aMental health in the tamil community | |
| 250 | _a2nd | ||
| 260 |
_aJaffna _bShanthiham _c2005 |
||
| 300 | _aXI, 214 p ., | ||
| 650 | _aTamil Community | ||
| 650 | _aSex | ||
| 650 | _aMental Health | ||
| 700 |
_aSomasundaram,D. _eedt |
||
| 700 |
_aSivayokan. S _eedt |
||
| 942 | _cL | ||
| 999 |
_c4528 _d4528 |
||